| 000 | 00575nam a2200181 a 4500 | ||
|---|---|---|---|
| 001 | 9128 | ||
| 005 | 20180713193112.0 | ||
| 008 | 140415s1971 000 0 spa d | ||
| 041 | _aspa | ||
| 082 |
_a621.31924 _bMUL |
||
| 100 | 1 | _aMULLIN, RAY C. | |
| 245 | 1 | 0 |
_aESPECIALIDADES ELECTRICAS : _bLECTURAS DE PLANOS-CODIGO TEORIA-INSTALACION, RESIDENCIAL |
| 260 |
_a[s.l.] : _bDIANA, _c1971 |
||
| 300 | _a288 | ||
| 490 | _aMANUALES DELMAR DE ELECTRICIDAD Y ELECTRONICA | ||
| 650 | 1 | 4 | _aINSTALACIONES ELECTRICAS INTERIORES |
| 700 | 1 |
_aBOSCH TEJADA, ANTONIO _etr. |
|
| 999 |
_c9128 _d9128 |
||